[Event "Chioggia op-A 14th"]
[Site "Chioggia"]
[Date "2019.10.05"]
[Round "2"]
[White "Arena, Ignazio"]
[Black "Vianello, Enrico"]
[Result "1/2-1/2"]
[WhiteElo "1953"]
[BlackElo "2062"]
[PlyCount "43"]
[EventDate "2019.10.04"]
[EventType "swiss"]
[EventRounds "5"]
[EventCountry "ITA"]
[SourceTitle "EXT 2022"]
[Source "ChessBase"]
[SourceDate "2021.10.06"]
[SourceVersion "1"]
[SourceVersionDate "2021.10.06"]
[SourceQuality "1"]

1. d4 Nf6 2. c4 e6 3. Nf3 d5 4. e3 Bd6 5. Nc3 0-0 6. Qc2 a6 7. c5 Be7 8. e4 dxe4 9. Nxe4 Nc6 10. Be3 Nb4 11. Nxf6+ Bxf6 12. Qd2 Nd5 13. Bd3 b6 14. 0-0 Bb7 15. Rac1 a5 16. a3 Ba6 17. Bxa6 Rxa6 18. Rfd1 Ra8 19. Bg5 Bxg5 20. Nxg5 Qf6 21. Nf3 Rfd8 22. Qc2 1/2-1/2

[Event "Milan Autumn op"]
[Site "Milan"]
[Date "2015.09.29"]
[Round "5"]
[White "Arena, Ignazio"]
[Black "Spada, Maurizio"]
[Result "1-0"]
[WhiteElo "1490"]
[BlackElo "1611"]
[PlyCount "103"]
[EventDate "2015.09.15"]
[EventType "swiss"]
[EventRounds "8"]
[EventCountry "ITA"]
[SourceTitle "EXT 2024"]
[Source "ChessBase"]
[SourceDate "2023.10.10"]
[SourceVersion "1"]
[SourceVersionDate "2023.10.10"]
[SourceQuality "1"]

1. d4 d5 2. c4 c6 3. cxd5 cxd5 4. Nc3 Nf6 5. Nf3 Nc6 6. Bf4 a6 7. e3 Bf5 8. Be2 e6 9. 0-0 Bd6 10. Bxd6 Qxd6 11. a3 0-0 12. Rc1 Rac8 13. b4 Ne7 14. Ne5 Ng6 15. Nd3 Bxd3 16. Qxd3 Nh4 17. Na4 Ne4 18. Nc5 Nxc5 19. bxc5 Qe7 20. g3 Nf5 21. Bf3 Qf6 22. Bg2 Ne7 23. Rb1 Rc7 24. Rb6 Nc6 25. Rfb1 Qe7 26. Qb3 Rb8 27. Bf1 Na5 28. Qc3 Nc6 29. Bxa6 e5 30. Qb2 exd4 31. exd4 Qe4 32. Rd1 g6 33. Bb5 Ne7 34. Bd3 Qg4 35. Rb1 Nc6 36. Ba6 Nxd4 37. Bf1 Rxc5 38. Rxb7 Rbc8 39. Rb8 Rxb8 40. Qxb8+ Kg7 41. Kh1 Rc2 42. Qe5+ f6 43. Rb7+ Kh6 44. Qe3+ g5 45. Qd3 Qf3+ 46. Qxf3 Nxf3 47. Rd7 Rxf2 48. Bg2 Ne1 49. Bh3 g4 50. Kg1 Ra2 51. Bxg4 Rxa3 52. Rxd5 1-0

[Event "Milan SSM Septembre"]
[Site "Milan"]
[Date "2015.09.10"]
[Round "1"]
[White "Pasini, Nicolo"]
[Black "Arena, Ignazio"]
[Result "1-0"]
[WhiteElo "1862"]
[BlackElo "1490"]
[PlyCount "57"]
[EventDate "2015.09.10"]
[EventType "swiss"]
[EventRounds "5"]
[EventCountry "ITA"]
[SourceTitle "EXT 2024"]
[Source "ChessBase"]
[SourceDate "2023.10.10"]
[SourceVersion "1"]
[SourceVersionDate "2023.10.10"]
[SourceQuality "1"]

1. e4 c5 2. Nf3 d6 3. d4 cxd4 4. Nxd4 Nf6 5. Nc3 g6 6. Be3 Bg7 7. f3 Nc6 8. Qd2 0-0 9. 0-0-0 a6 10. g4 Nxd4 11. Bxd4 b5 12. h4 h6 13. g5 hxg5 14. hxg5 Nh5 15. Bxg7 Nxg7 16. Qh2 Nh5 17. Be2 Kg7 18. f4 Rh8 19. Qf2 Bb7 20. f5 Rc8 21. f6+ exf6 22. Bxh5 gxh5 23. gxf6+ Kf8 24. Nd5 Rc4 25. e5 Bxd5 26. Rxd5 Rc6 27. Rhd1 Qc7 28. Qg2 Qc8 29. Qg7+ 1-0

[Event "Milan Cappello Memorial"]
[Site "Milan"]
[Date "2015.06.09"]
[Round "7"]
[White "Ricciardi, Arcangelo"]
[Black "Arena, Ignazio"]
[Result "1-0"]
[WhiteElo "1737"]
[BlackElo "1441"]
[PlyCount "57"]
[EventDate "2015.05.12"]
[EventType "swiss"]
[EventRounds "8"]
[EventCountry "ITA"]
[SourceTitle "EXT 2017"]
[Source "ChessBase"]
[SourceDate "2016.10.25"]
[SourceVersion "1"]
[SourceVersionDate "2016.10.25"]
[SourceQuality "1"]

1. e4 c5 2. Nf3 a6 3. Nc3 Nf6 4. e5 Ng8 5. d4 cxd4 6. Nxd4 Nc6 7. Nf3 g6 8. Bf4 Bg7 9. Bc4 e6 10. 0-0 Nge7 11. Ne4 Nf5 12. Bg5 Qc7 13. Nf6+ Bxf6 14. Bxf6 Rg8 15. Qd2 b5 16. Bb3 Na5 17. Rfd1 Nc4 18. Bxc4 Qxc4 19. b3 Qc7 20. Rac1 Ra7 21. c4 bxc4 22. Rxc4 Qb8 23. Ng5 h5 24. Qa5 Ne7 25. Qa3 Nf5 26. Ne4 d5 27. exd6 Rd7 28. Be5 Ne7 29. Nf6+ 1-0

[Event "Milan SSM May B"]
[Site "Milan"]
[Date "2015.05.22"]
[Round "3"]
[White "Guglielmetti, Oscar"]
[Black "Arena, Ignazio"]
[Result "1-0"]
[WhiteElo "1683"]
[BlackElo "1441"]
[PlyCount "107"]
[EventDate "2015.05.20"]
[EventType "swiss"]
[EventRounds "6"]
[EventCountry "ITA"]
[SourceTitle "EXT 2024"]
[Source "ChessBase"]
[SourceDate "2023.10.10"]
[SourceVersion "1"]
[SourceVersionDate "2023.10.10"]
[SourceQuality "1"]

1. Nf3 c5 2. g3 d6 3. Bg2 Nf6 4. 0-0 g6 5. d3 Bg7 6. Nc3 Nc6 7. e4 0-0 8. h3 Re8 9. Be3 Bd7 10. e5 dxe5 11. Bxc5 Bf5 12. g4 Be6 13. Re1 Nd5 14. Ng5 Nxc3 15. Nxe6 Nxd1 16. Nxd8 Raxd8 17. Raxd1 Rc8 18. c3 a6 19. Re2 e6 20. Bd6 Red8 21. Bxc6 Rxc6 22. Bxe5 Bxe5 23. Rxe5 Rb6 24. Rd2 Rbd6 25. d4 R8d7 26. g5 Kg7 27. Rde2 Rd5 28. f4 R7d6 29. Kf2 Rxe5 30. fxe5 Rd5 31. Ke3 b5 32. b3 Kf8 33. Ke4 Ke8 34. Rf2 Ke7 35. c4 bxc4 36. bxc4 Ra5 37. Rb2 Kf8 38. Rc2 Ke8 39. h4 Ra4 40. d5 Ke7 41. d6+ Kd7 42. Kd4 Kc6 43. Rf2 a5 44. Rxf7 Rxa2 45. Rc7+ Kb6 46. c5+ Kb5 47. Rb7+ Kc6 48. Rb6+ Kd7 49. Kc4 Rc2+ 50. Kb5 a4 51. Rb7+ Kd8 52. Ra7 Rb2+ 53. Kc6 Rb8 54. Rxa4 1-0